South Eastern Kenya University

Library Online Public Access Catalogue


Intermediate algebra (Record no. 6547)

MARC details
000 -LEADER
fixed length control field 01201cam a22003618a 4500
001 - CONTROL NUMBER
control field 15340703
003 - CONTROL NUMBER IDENTIFIER
control field OSt
005 - DATE AND TIME OF LATEST TRANSACTION
control field 20150721115208.0
008 - FIXED-LENGTH DATA ELEMENTS--GENERAL INFORMATION
fixed length control field 080623s2010 iau 001 0 eng
010 ## - LIBRARY OF CONGRESS CONTROL NUMBER
LC control number 2008027820
020 ## - INTERNATIONAL STANDARD BOOK NUMBER
International Standard Book Number 9780077303396 (hard copy : alk. paper)
020 ## - INTERNATIONAL STANDARD BOOK NUMBER
International Standard Book Number 0077303393 (hard copy : alk. paper)
020 ## - INTERNATIONAL STANDARD BOOK NUMBER
International Standard Book Number 9780073406107 (pbk. : alk. paper)
020 ## - INTERNATIONAL STANDARD BOOK NUMBER
International Standard Book Number 0073406104 (pbk. : alk. paper)
020 ## - INTERNATIONAL STANDARD BOOK NUMBER
International Standard Book Number 9780077303341 (inst. ed. : hard copy : alk. paper)
020 ## - INTERNATIONAL STANDARD BOOK NUMBER
International Standard Book Number 0077303342 (inst. ed. : hard copy : alk. paper)
020 ## - INTERNATIONAL STANDARD BOOK NUMBER
International Standard Book Number 9780073352312 (inst. ed. : pbk. : alk. paper)
020 ## - INTERNATIONAL STANDARD BOOK NUMBER
International Standard Book Number 0073352314 (inst. ed. : pbk. : alk. paper)
040 ## - CATALOGING SOURCE
Original cataloging agency SEKU
050 00 - LIBRARY OF CONGRESS CALL NUMBER
Classification number QA 154.3
Item number .M5 2010
100 1# - MAIN ENTRY--PERSONAL NAME
Personal name Miller, Julie,
Dates associated with a name 1962-
245 10 - TITLE STATEMENT
Title Intermediate algebra
Statement of responsibility, etc. Julie Miller, Molly O'Neill, Nancy Hyde.
250 ## - EDITION STATEMENT
Edition statement 2nd ed.
260 ## - PUBLICATION, DISTRIBUTION, ETC. (IMPRINT)
Place of publication, distribution, etc. Dubuque, IA :
Name of publisher, distributor, etc. McGraw-Hill,
Date of publication, distribution, etc. c2010.
263 ## - PROJECTED PUBLICATION DATE
Projected publication date 1111
300 ## - PHYSICAL DESCRIPTION
Extent p. cm.
500 ## - GENERAL NOTE
General note Includes index.
650 #0 - SUBJECT ADDED ENTRY--TOPICAL TERM
Topical term or geographic name as entry element Algebra
Form subdivision Textbooks.
700 1# - ADDED ENTRY--PERSONAL NAME
Personal name O'Neill, Molly.
700 1# - ADDED ENTRY--PERSONAL NAME
Personal name Hyde, Nancy.
856 41 - ELECTRONIC LOCATION AND ACCESS
Materials specified Table of contents only
Uniform Resource Identifier <a href="http://www.loc.gov/catdir/toc/ecip0822/2008027820.html">http://www.loc.gov/catdir/toc/ecip0822/2008027820.html</a>
942 ## - ADDED ENTRY ELEMENTS (KOHA)
Source of classification or shelving scheme Library of Congress Classification
Koha item type General circulation
Holdings
Withdrawn status Lost status Source of classification or shelving scheme Damaged status Not for loan Home library Current library Shelving location Date acquired Source of acquisition Total Checkouts Full call number Barcode Date last seen Price effective from Koha item type Public note
    Library of Congress Classification     Main Campus Library Main Campus Library General Stacks 21/07/2015 Donation-Books for Africa   QA 154.3 .M5 2010 2015/003794 21/07/2015 21/07/2015 General circulation amk
Kitui, Kenya.
+254736116989
library@seku.ac.ke